header

Participatory approaches to attacking extreme poverty (Record no. 81074)

MARC details
000 -LEADER
fixed length control field 01154nam a2200289Ia 4500
245 00 - TITLE STATEMENT
Title Participatory approaches to attacking extreme poverty
260 ## - PUBLICATION, DISTRIBUTION, ETC. (IMPRINT)
Place of publication Washington, D.C. :
Name of publisher World Bank,
Year of publication 2006.
300 ## - PHYSICAL DESCRIPTION
Number of Pages xii, 115 p.
650 #0 - SUBJECT ADDED ENTRY--TOPICAL TERM
Topical Term Poverty.
Topical Term Political planning.
700 1# - ADDED ENTRY--PERSONAL NAME
Personal name Wodon, Quentin.
Personal name Godinot, Xavier.
856 40 - ELECTRONIC LOCATION AND ACCESS
Uniform Resource Identifier http://site.ebrary.com/lib/rucke/Doc?id=10126099

No items available.

© 2026 Rongo University
Contact us: librarian | system librarian | Rongo university